| 000 | 00624cam a2200205 a 4500 | ||
|---|---|---|---|
| 001 | 000006429 | ||
| 005 | 20200929153929.0 | ||
| 008 | 980925s1998 ec 001 j spa | ||
| 020 | _a9978401970 | ||
| 040 |
_aDO-SdBNP _cDLC _dDLC |
||
| 082 |
_aE863.4 _bV112d, 1998 |
||
| 100 | 1 |
_aVaca Acevedo, Galo. _917851 |
|
| 245 | 1 | 0 |
_aDe regreso al ombligo / _cGalo Vaca Acevedo. |
| 250 | _a2a ed. | ||
| 260 |
_aQuito : _bCasa de la Cultura Ecuatoriana, _c1998. |
||
| 300 |
_a228 p. ; _c16 cm. |
||
| 650 | 4 |
_aCuentos ecuatorianos _917829 |
|
| 650 | 4 |
_aLiteratura ecuatoriana _ySIGLO XXI _917815 |
|
| 910 | _aCatalogación por copia / LC | ||
| 999 |
_c6224 _d6224 |
||